The Islander (Record no. 3436)

MARC details
000 -LEADER
fixed length control field 00390nam a22001457a 4500
008 - FIXED-LENGTH DATA ELEMENTS--GENERAL INFORMATION
fixed length control field 250513b |||||||| |||| 00| 0 eng d
020 ## - INTERNATIONAL STANDARD BOOK NUMBER
ISBN 9781529433739
100 ## - MAIN ENTRY--AUTHOR
Author Gudmunson Halldor
245 ## - TITLE STATEMENT
Title The Islander
Remainder of title A Biography of Halldor Laxness
260 ## - PUBLICATION, DISTRIBUTION, ETC. (IMPRINT)
Place of publication London
Name of publisher Maclehose Press
Date of publication 2008
300 ## - COLLATION
Pagination 486p.
650 ## - TRACINGS
Main Subject Halldor Laxness, 1902-1998
942 ## - ADDED ENTRY ELEMENTS (KOHA)
Item type Books
050 ## - LIBRARY OF CONGRESS CALL NUMBER
Classification number PT7511
Item number .L39
Holdings
Source of classification or shelving scheme Not for loan Permanent location Current location Date acquired Accession No. Full call number Barcode. Koha item type
Library of Congress Classification   Samuel Ogbemudia Main Library, University of Abuja Samuel Ogbemudia Main Library, University of Abuja 05/13/2025 2024/63557 PT7511.L39 2025-1902 Books